000 00327nam a2200133Ia 4500
008 240624s9999 xx 000 0 und d
041 _aeng
082 _a153 FLE
100 _aFLEISCHMAN PAUL
245 _aCULTIVATING INNER PEACE
260 _c2003
_aMumbai
_bEmbassy Books
300 _a324 : p. : cm. ; 20
365 _cRS
_b25
999 _c22278
_d22278